00241nam a2200097Ia 4500008004100000100001600041245002700057260003700084300000900121650001300130190216s9999||||xx |||||||||||||| ||und|| aAmarchand D 0aGoverment And Business bTata Mcgrawhill Publishersc1991 a270p aCommerce